000 00543nam a2200205Ia 4500
005 20250317130713.0
008 008 250317s9999 xx 000 0 eng d
020 _a0-07-462181-5
037 _aTextbook
040 _aFMSL
_beng
_cFMSL
041 _aeng
_2eng
084 _aX:8C P0
_qFMSL
100 _aKhan M Y
245 0 _aManagement accounting
250 _a3
260 _aNew Delhi
_bNew Delhi, Tata McGraw-Hill
_c1993
300 _a907p
942 _cTB
_hX:8C P0
999 _c1264911
_d1264911